000 00459nam a2200193Ia 4500
003 0100
008 130303s9999 xx 000 0 und d
040 _cARRUPELIB
050 _aPA3978.C74
100 _aConacher, D. J
245 _aEuripidean drama, myth, theme and structure
260 _aToronto
260 _bUnivesity of Toronto Press
260 _C1967
300 _axiii
300 _b 354p. 24cm.
700 _aD. J. Conacher
942 0 0 _01
999 _c36926
_d36926